Quiz o Serocku - Statystyki

Ogólne statystyki
  • Ten quiz został rozwiązany 15 razy
  • Średni wynik to 8 z 9
Statystyki odpowiedzi
Wskazówka Odpowiedź % Poprawnych
Powiat Legionowski
100%
Województwo Mazowieckie
100%
Rzeka, nad którą położony jest Serock Narew
100%
Państwo do którego należał Serock w latach 1795-1807 Niemcy
100%
Państwo do którego należał Serock od 1815 do utraty praw miejskich w 1870 Rosja
100%
Gmina Serock
100%
Jezioro, nad którym położony jest Serock Jezioro Zegrzyńskie
92%
Książe, który w 1417 nadał Serockowi prawa miejskie Janusz I
58%
Dokument królewski, w którym Serock został wspomniany po raz pierwszy Falsyfikat mogileński
8%
Nie znaleziono quizów pasujących do podanych kryteriów
Rozkład punktacji
Procent ludzi z każdym wynikiem
Percentyl według liczby udzielonych odpowiedzi
Twoja historia wyników
Nie rozwiązałeś tego quizu